000
00265nam a22001217a 4500
008
181009b xxu||||| |||| 00| 0 eng d
041
_a
eng
080
_a
710
100
_a
44
101
_a
ART
245
_a
Chinese Landscape Painting
_c
Lee,Sh.E
942
_2
udc
_c
BK
999
_c
49246
_d
49246